000 00628nam a2200193 i 4500
001 129061
003 ES-MaACL
005 20250907063109.0
007 t|
008 070605s1961 sp ||||1| spa d
080 _a85-52"19"
100 0 _aTedeschini, Federico,
_cCardenal
_9109509
245 1 0 _aDiscursos del... Cardenal... Federico Tedeschini /
_cselección y publicación de J. de F.
260 _aSantiago de Compostela :
_b[s.n.],
_c1961 (
_fImp. Paredes)
300 _a222 p. :
_bil. ;
_c24 cm.
700 1 _aFrancisco Iglesias, Julia de.
_952195
852 4 _aES-MaACL
_jC-20891
999 _c129061
_d129061